Technologie des têtes de puits sous-marines de forage /
Guardado en:
| Autor Principal: | |
|---|---|
| Formato: | Libro |
| Idioma: | French |
| Publicado: |
Paris :
Éditions Technip,
1978.
|
| Materias: | |
| Etiquetas: |
Agregar Etiqueta
Sin Etiquetas, Sea el primero en etiquetar este registro!
|
| LEADER | 00630cam a22001935a 4500 | ||
|---|---|---|---|
| 001 | EIQ.libpla002268 | ||
| 008 | 790615s1978####fr#a##########000#0#fre#d | ||
| 005 | 20070517185829.0 | ||
| 245 | 1 | 0 | |a Technologie des têtes de puits sous-marines de forage / |c Guy Soulié. |
| 260 | |a Paris : |b Éditions Technip, |c 1978. | ||
| 300 | |a xiii, 232 p. : |b il. ; |c 24 cm. | ||
| 020 | |a 2710803356 | ||
| 100 | 1 | |a Soulié, Guy. | |
| 082 | 0 | 0 | |a 622/.33/82 |
| 650 | 4 | |a Procesos |x Extracción de petróleo. | |
| 650 | 4 | |a Processes |x Petroleum extraction. | |
| 010 | |a 79354426 | ||
| 040 | |a DLC |c DLC |d AR-BbSID | ||
| 859 | |a AR-BbSID |b BIB. PLAPIQUI |h 662.2 |i So 83 |p 1748 | ||
